000 00585nam a2200205Ia 4500
005 20250508165325.0
008 008 250505s9999 xx 000 0 eng d
037 _aTextBook
040 _aFEDL
_beng
_cFEDL
041 _aeng
_2eng
084 _a370.954, GHO/R
_qFEDL
100 _aGhose Suresh Chandra
245 0 _aHistory of education in modern India 1757-2012
250 _a4
260 _aNew Delhi, India
_bOrient Blackswan Private Limited
_c2013
300 _axi, 397p.
365 _aINR
_b350
942 _cTB
_h370.954, GHO/R
999 _c1394463
_d1394463